[Event "Weekend A"]
[Site "Nonantola ITA"]
[Date "2000.10.28"]
[Round "7"]
[White "Di Paolo, Raffaele"]
[Black "Scalcione, Michelangelo"]
[Result "0-1"]
[WhiteElo "2295"]
[BlackElo "2219"]
[PlyCount "70"]
[EventDate "2000.10.28"]

1. e4 e5 2. f4 exf4 3. Bc4 Nf6 4. Nc3 Bb4 5. Qf3 O-O 6. Nge2 Nc6 7. Qxf4 d6 8.
O-O Bc5+ 9. Kh1 Be6 10. Nd5 Ng4 11. b4 Bxb4 12. d4 f5 13. exf5 Rxf5 14. Ne7+
Qxe7 15. Bxe6+ Qxe6 16. Qxf5 Qxf5 17. Rxf5 Re8 18. Ng1 Bc3 19. Rb1 Nxd4 20. Rf1
Re1 21. Be3 Rxf1 22. Rxf1 Nxe3 23. Rb1 b6 24. Nf3 Nxf3 25. gxf3 Bd4 26. c3 Bc5
27. h3 Kf7 28. Kh2 Ke6 29. Kg3 Kf5 30. h4 d5 31. Re1 d4 32. cxd4 Bxd4 33. Rc1
c5 34. Kf2 c4 35. Ke2 Bb2 0-1